01530naa a2200193 a 450000100080000000500110000800800410001902000180006010000110007824500650008926000090015452009400016365300190110365300230112265300190114565300120116465300250117677301350120110835252012-02-14 1984 bl uuuu u00u1 u #d a85-85014-06-71 aEpagri aLevantamento do estado nutricional de bananais catarinenses. c1984 aForam amostrados 22 bananais da cultivar Prata An??, 18 bananais da cultivar Nanic??o e quatro bananais da cultivar Branca, no Litoral de Santa Catarina. Foram estudados os n??veis de N, P, K, Ca, Mg, Fe, Mn, Zn, Cu e B, no solo e nas folhas, e os n??veis de Al, pH e mat??ria org??nica, no solo. De uma forma geral os n??veis foliares estiveram dentro da faixa de normalidade, mesmo naqueles bananais que apresentavam sintomas de defici??ncia. Os bananais das cultivares Prata An?? e Branca, que apresentavam problemas graves de "fusariose" mostravam menores n??veis de Ca, Mg e Zn no solo. Os bananais da cultivar Prata An??, que apresentava problemas de abortamento de frutos ("falha de cachos") foram os que apresentaram maiores n??veis de mat??ria org??nica no solo e N na folha. Os solos de encostas, do Litoral Norte do Estado, apresentaram os menores n??veis de Ca, Mg, Zn, Cu e pH, entre os solos estudados neste levantamento. aMacronutriente aMat??ria org??nica aMicronutriente aMusa sp aNutri????o de planta tIn: CONGRESSO BRASILEIRO DE FRUTICULTURA, 7., 1983, Florian??polis, SC. Anais... Florian??polis, SC: SBF/EMPASC, 1984. p. 256-275.